[Event "Open International d'Ambès 2010"]
[Site "Ambes"]
[Date "2010.??.??"]
[Round "3.4"]
[White "Masset, Jacques"]
[Black "Lagunes, Jean Renaud"]
[Result "0-1"]
[WhiteElo "1963"]
[BlackElo "2107"]
[PlyCount "26"]
[EventDate "2010.04.??"]
[EventType "swiss"]
[EventRounds "9"]
[EventCountry "FRA"]
[WhiteTeamCountry "FRA"]
[BlackTeamCountry "FRA"]

1. e4 d6 2. d4 Nf6 3. Nc3 g6 4. f4 Bg7 5. Nf3 c5 6. d5 O-O 7. e5 Nfd7 8. Qe2
Nb6 9. e6 Bxc3+ 10. bxc3 Nxd5 11. Ng5 f6 12. Nf7 Qa5 13. Bd2 Nxf4 0-1

[Event "Open International d'Ambès 2010"]
[Site "Ambes"]
[Date "2010.??.??"]
[Round "5.10"]
[White "Merlet, Francois"]
[Black "Basso, Pierre Yves"]
[Result "1/2-1/2"]
[WhiteElo "1578"]
[BlackElo "1972"]
[PlyCount "38"]
[EventDate "2010.04.??"]
[EventType "swiss"]
[EventRounds "9"]
[EventCountry "FRA"]
[WhiteTeamCountry "FRA"]
[BlackTeamCountry "FRA"]

1. d4 e6 2. Nf3 c5 3. c3 Qb6 4. Qc2 Nc6 5. e3 d5 6. Nbd2 Nf6 7. Bd3 Bd7 8. O-O
Rc8 9. Qd1 Bd6 10. Re1 O-O 11. e4 dxe4 12. Nxe4 Nxe4 13. Rxe4 g6 14. Ne5 Nb8
15. dxc5 Rxc5 16. Nxd7 Nxd7 17. Be3 Qc7 18. Bxc5 Nxc5 19. g3 Nxe4 1/2-1/2

[Event "FRA T IV 09-10"]
[Site "Champagne Ardennes"]
[Date "2010.??.??"]
[Round "2.21"]
[White "Merlet, Francois"]
[Black "Boutant, Jade"]
[Result "1-0"]
[WhiteElo "1578"]
[BlackElo "1666"]
[PlyCount "97"]
[EventDate "2009.11.26"]
[EventType "match"]
[EventCountry "FRA"]
[WhiteTeamCountry "FRA"]
[BlackTeamCountry "FRA"]

1. d4 d5 2. Nf3 Bf5 3. Bg5 Nd7 4. e3 h6 5. Bf4 Ngf6 6. Bd3 Bxd3 7. Qxd3 e6 8.
Nbd2 Be7 9. h3 c5 10. c3 Qb6 11. Rb1 Rc8 12. O-O O-O 13. Rfe1 Nh5 14. Bh2 f5
15. Ne5 Nxe5 16. Bxe5 Nf6 17. Bxf6 Bxf6 18. f4 Rc7 19. Nf3 c4 20. Qe2 Kh7 21.
g4 Rh8 22. g5 hxg5 23. fxg5 Be7 24. h4 Kg8 25. Kg2 Bd6 26. Rh1 g6 27. Rh3 Rh5
28. Rbh1 Qc6 29. Qc2 b5 30. a3 a5 31. Ra1 Rg7 32. Rhh1 Qb6 33. Ng1 b4 34. Ne2
Rgh7 35. axb4 axb4 36. Ra8+ Kf7 37. Qa4 Rh8 38. Qd7+ Be7 39. Ra7 Qd8 40. Nf4
Qxd7 41. Rxd7 Rxh4 42. Rxh4 Rxh4 43. Rxe7+ Kg8 44. cxb4 Rg4+ 45. Kf3 Rxg5 46.
Rxe6 Kf7 47. Rxg6 Rxg6 48. Nxg6 Kxg6 49. b5 1-0

[Event "Open International d'Ambès 2010"]
[Site "Ambes"]
[Date "2010.??.??"]
[Round "3.13"]
[White "Merlet, Francois"]
[Black "Delgrange, Jean Loup"]
[Result "0-1"]
[WhiteElo "1578"]
[BlackElo "1876"]
[PlyCount "55"]
[EventDate "2010.04.??"]
[EventType "swiss"]
[EventRounds "9"]
[EventCountry "FRA"]
[WhiteTeamCountry "FRA"]
[BlackTeamCountry "FRA"]

1. d4 Nf6 2. Nf3 g6 3. Bg5 Bg7 4. Nbd2 d5 5. e3 O-O 6. Bd3 Nbd7 7. c3 c5 8. O-O
b6 9. e4 dxe4 10. Nxe4 Bb7 11. Nxf6+ Nxf6 12. Bxf6 Bxf6 13. dxc5 bxc5 14. Qe2
Qc7 15. Be4 Rab8 16. Rab1 Rfd8 17. Bxb7 Rxb7 18. c4 Rdb8 19. b3 a5 20. Rfd1 a4
21. Qd3 axb3 22. Rxb3 Rxb3 23. axb3 Kg7 24. h3 Rb4 25. Kf1 Rb8 26. Rb1 h5 27.
g3 Rb6 28. Qd5 0-1

[Event "FRA T U 20"]
[Site "Mulhouse"]
[Date "2010.??.??"]
[Round "1.4"]
[White "Messinger, Karl"]
[Black "Dumas, Charles"]
[Result "1-0"]
[WhiteElo "1758"]
[BlackElo "1783"]
[PlyCount "99"]
[EventDate "2010.??.??"]
[EventType "match"]
[EventCountry "FRA"]
[WhiteTeamCountry "FRA"]
[BlackTeamCountry "FRA"]

1. e4 c6 2. Nc3 d5 3. Nf3 dxe4 4. Nxe4 Nf6 5. Nxf6+ exf6 6. d4 Bd6 7. Be2 O-O
8. O-O Be6 9. Be3 b5 10. a4 b4 11. c4 bxc3 12. bxc3 Nd7 13. c4 Bg4 14. h3 Bxf3
15. Bxf3 Qc7 16. Qc2 Rfe8 17. Rab1 Rab8 18. Rxb8 Nxb8 19. Rb1 Bf4 20. Bxf4 Qxf4
21. d5 c5 22. Qb3 Qd6 23. Qb5 Rd8 24. Qb7 a6 25. Bg4 g6 26. Bc8 Nd7 27. Bxd7
Rxd7 28. Qb8+ Kg7 29. Qxd6 Rxd6 30. Rb8 f5 31. Rc8 Kf6 32. f4 Ke7 33. Rxc5 Kd7
34. a5 f6 35. Kf2 g5 36. g3 h5 37. h4 g4 38. Ke3 Ke7 39. Rc6 Rxc6 40. dxc6 Kd6
41. Kd4 Kxc6 42. c5 Kc7 43. Kd5 Kd7 44. c6+ Kc7 45. Kc5 Kc8 46. Kb6 Kb8 47.
Kxa6 Ka8 48. Kb6 Kb8 49. c7+ Kc8 50. a6 1-0

[Event "FRA T U 20"]
[Site "Mulhouse"]
[Date "2010.??.??"]
[Round "3.4"]
[White "Messinger, Karl"]
[Black "Fischer, Julie"]
[Result "1-0"]
[WhiteElo "1758"]
[BlackElo "1707"]
[PlyCount "61"]
[EventDate "2010.??.??"]
[EventType "match"]
[EventCountry "FRA"]
[WhiteTeamCountry "FRA"]
[BlackTeamCountry "FRA"]

1. e4 d5 2. exd5 Qxd5 3. Nc3 Qd6 4. d4 Nf6 5. Nf3 a6 6. g3 Bg4 7. Bg2 e6 8. O-O
Nc6 9. Bf4 Qd7 10. h3 Bh5 11. Qd2 Bxf3 12. Bxf3 Bd6 13. Rad1 O-O-O 14. Ne2 Bxf4
15. Qxf4 Nd5 16. Qd2 Nb6 17. b3 e5 18. Qg5 g6 19. dxe5 Qe7 20. Qxe7 Nxe7 21.
Nf4 g5 22. Nd3 h5 23. Nc5 c6 24. Rxd8+ Rxd8 25. Bxh5 Rf8 26. Bg4+ Kc7 27. f4
gxf4 28. Rxf4 Re8 29. Rxf7 Nbd5 30. c4 Ne3 31. Bd7 1-0

[Event "Championnat de Ligue Individuel"]
[Site "Vendin les Bethune"]
[Date "2010.??.??"]
[Round "4.7"]
[White "Mestdagh, Franck"]
[Black "Delassus, Sebastien"]
[Result "0-1"]
[WhiteElo "1936"]
[BlackElo "1720"]
[PlyCount "54"]
[EventDate "2008.??.??"]
[EventType "swiss"]
[EventRounds "7"]
[EventCountry "FRA"]
[WhiteTeamCountry "FRA"]
[BlackTeamCountry "FRA"]

1. d4 d5 2. Nf3 e6 3. g3 Nf6 4. Bg2 Bd6 5. O-O O-O 6. c4 c6 7. Nc3 Nbd7 8. Qc2
Re8 9. e4 dxe4 10. Ng5 h6 11. Ngxe4 Be7 12. Bf4 Nb6 13. b3 Nxe4 14. Nxe4 f5 15.
Nc3 Qxd4 16. Rad1 Qf6 17. Rfe1 Nd7 18. Nb5 cxb5 19. Rxe6 Qf8 20. Bd5 Kh8 21.
Rde1 Nb6 22. R6e5 bxc4 23. Bxh6 gxh6 24. Qc3 Qg7 25. Bxc4 Bd7 26. Qf3 Nxc4 27.
bxc4 Bf6 0-1

[Event "Championnat de Ligue Individuel"]
[Site "Vendin les Bethune"]
[Date "2010.??.??"]
[Round "7.5"]
[White "Mestdagh, Franck"]
[Black "Franek, Jan"]
[Result "1-0"]
[WhiteElo "1936"]
[BlackElo "1917"]
[PlyCount "79"]
[EventDate "2008.??.??"]
[EventType "swiss"]
[EventRounds "7"]
[EventCountry "FRA"]
[WhiteTeamCountry "FRA"]
[BlackTeamCountry "FRA"]

1. d4 Nf6 2. Nf3 e6 3. g3 c5 4. Bg2 Nc6 5. O-O Be7 6. c4 cxd4 7. Nxd4 O-O 8.
Nc3 Nxd4 9. Qxd4 d6 10. b3 e5 11. Qd3 g6 12. Bh6 Re8 13. h3 Bf5 14. e4 Be6 15.
Rfd1 Nd7 16. Rd2 Nc5 17. Qe2 Bd7 18. Nd5 a5 19. Rad1 Ra6 20. Kh2 Bc8 21. f4 Bf6
22. Bg5 Bxg5 23. fxg5 Kg7 24. Qf2 Nd7 25. h4 Nc5 26. Qf6+ Qxf6 27. gxf6+ Kh6
28. Nc7 Rg8 29. Nxa6 Nxa6 30. Rxd6 Bg4 31. Rd8 Rxd8 32. Rxd8 g5 33. Rg8 Be6 34.
Rxg5 Nc5 35. Rxe5 Nd3 36. Rxa5 Nf2 37. e5 Ng4+ 38. Kg1 Ne3 39. Bxb7 Nf5 40. Kf2
1-0

[Event "Championnat de Ligue Individuel"]
[Site "Vendin les Bethune"]
[Date "2010.??.??"]
[Round "2.3"]
[White "Mestdagh, Franck"]
[Black "Roger, Mehdi"]
[Result "0-1"]
[WhiteElo "1936"]
[BlackElo "2177"]
[PlyCount "92"]
[EventDate "2008.??.??"]
[EventType "swiss"]
[EventRounds "7"]
[EventCountry "FRA"]
[WhiteTeamCountry "FRA"]
[BlackTeamCountry "FRA"]

1. d4 c5 2. Nf3 cxd4 3. Nxd4 Nc6 4. g3 g6 5. Bg2 Bg7 6. e3 Nf6 7. O-O O-O 8. c4
Nxd4 9. exd4 d5 10. Nc3 dxc4 11. Qe2 Qxd4 12. Qxe7 Re8 13. Qc7 Bf5 14. Be3 Rxe3
15. fxe3 Qxe3+ 16. Kh1 Ng4 17. Qf4 Bh6 18. Qxe3 Nxe3 19. Rf2 Nxg2 20. Kxg2 Bd7
21. Rd1 Bc6+ 22. Kf1 Kf8 23. Rd4 Be3 24. Rxc4 Bxf2 25. Kxf2 Rd8 26. Ke3 Ke7 27.
Rh4 h5 28. Rc4 Rd6 29. b4 a6 30. a4 Re6+ 31. Kd4 Re1 32. b5 axb5 33. axb5 Bg2
34. Nd5+ Bxd5 35. Kxd5 Rd1+ 36. Kc5 Rd6 37. Ra4 b6+ 38. Kc4 Ke6 39. Ra8 Ke5 40.
Re8+ Kf5 41. Rc8 Kg4 42. Rc6 Rd2 43. Rxb6 Rxh2 44. Ra6 Rc2+ 45. Kb4 Kxg3 46. b6
Rc8 0-1

[Event "Condom op 10th"]
[Site "Condom"]
[Date "2010.??.??"]
[Round "1.3"]
[White "Moreau, Emilien"]
[Black "Grigore, George Gabriel"]
[Result "0-1"]
[WhiteElo "1887"]
[BlackElo "2532"]
[PlyCount "60"]
[EventDate "2010.07.??"]
[EventType "swiss"]
[EventRounds "9"]
[EventCountry "FRA"]
[WhiteTeamCountry "FRA"]
[BlackTeamCountry "FRA"]

1. c4 g6 2. Nc3 Bg7 3. g3 Nf6 4. Bg2 O-O 5. Nf3 c6 6. O-O d6 7. d4 Qa5 8. e4 e5
9. dxe5 dxe5 10. a3 Qc5 11. Be3 Qe7 12. h3 Na6 13. Qe2 Nc5 14. Bxc5 Qxc5 15. b4
Qe7 16. c5 Be6 17. Rfd1 Rfd8 18. Rxd8+ Rxd8 19. Rd1 Ne8 20. Rxd8 Qxd8 21. Qd2
Qxd2 22. Nxd2 Bh6 23. Nf3 Bc1 24. a4 Ba3 25. b5 Bxc5 26. h4 Nd6 27. bxc6 bxc6
28. Nxe5 Bd4 29. Nxc6 Bxc3 30. Nxa7 Bd7 0-1

[Event "FRA T U 20"]
[Site "Mulhouse"]
[Date "2010.??.??"]
[Round "3.2"]
[White "Muheim, Sebastien"]
[Black "Wurtz, Guillaume"]
[Result "1/2-1/2"]
[WhiteElo "2040"]
[BlackElo "1834"]
[PlyCount "72"]
[EventDate "2010.??.??"]
[EventType "match"]
[EventCountry "FRA"]
[WhiteTeamCountry "FRA"]
[BlackTeamCountry "FRA"]

1. d4 Nf6 2. c4 g6 3. Nc3 Bg7 4. e4 d6 5. f3 O-O 6. Be3 c5 7. Nge2 cxd4 8. Nxd4
Nc6 9. Qd2 Qa5 10. Be2 a6 11. O-O Nxd4 12. Bxd4 Be6 13. Rad1 Kh8 14. b3 Rfc8
15. Qb2 Kg8 16. a4 Nh5 17. Bxg7 Nxg7 18. Kh1 Nh5 19. f4 Nf6 20. f5 Bd7 21. g4
Qe5 22. Bf3 Bc6 23. Qc2 b5 24. axb5 axb5 25. g5 Nd7 26. Nd5 bxc4 27. f6 exf6
28. gxf6 Bxd5 29. Rxd5 cxb3 30. Qxb3 Qxf6 31. Qd1 Ne5 32. Bg4 Qh4 33. Bxc8
Qxe4+ 34. Kg1 Qe3+ 35. Kh1 Qe4+ 36. Kg1 Qe3+ 1/2-1/2

[Event "Mulhouse 2010 - IM"]
[Site "Mulhouse"]
[Date "2010.??.??"]
[Round "3.5"]
[White "Nass, Emile"]
[Black "Bensdorp, Marlies"]
[Result "1/2-1/2"]
[WhiteElo "2247"]
[BlackElo "2309"]
[PlyCount "90"]
[EventDate "2010.07.??"]
[EventType "tourn"]
[EventCountry "FRA"]
[EventCategory "4"]
[WhiteTeamCountry "FRA"]
[BlackTeamCountry "FRA"]

1. d4 Nf6 2. Nf3 e6 3. c4 d5 4. g3 dxc4 5. Qa4+ c6 6. Qxc4 b5 7. Qd3 Bb7 8. Bg2
a6 9. O-O Nbd7 10. Nc3 c5 11. dxc5 Bxc5 12. Ng5 Bxg2 13. Kxg2 Qb6 14. Nge4 O-O
15. Nxf6+ Nxf6 16. Qf3 Rac8 17. Bg5 Bd4 18. Rac1 Nd7 19. Bf4 e5 20. Bd2 Qe6 21.
Qd5 Nc5 22. Qxe6 Nxe6 23. e3 Bc5 24. Rfd1 Rfd8 25. Ne4 Be7 26. Ba5 Re8 27. Bc3
f6 28. Ba5 Kf7 29. Rc3 Rxc3 30. Nxc3 Bc5 31. b4 Bf8 32. Rd7+ Re7 33. Rd6 Ra7
34. Rc6 Be7 35. Nd5 Nd8 36. Bxd8 Bxd8 37. e4 Ke8 38. Kf3 Kd7 39. Rc2 g6 40. g4
Ra8 41. Ke3 Rc8 42. Kd3 Rxc2 43. Kxc2 Kc6 44. Kd3 Kd6 45. f3 Kc6 1/2-1/2

[Event "Mulhouse 2010 - IM"]
[Site "Mulhouse"]
[Date "2010.??.??"]
[Round "7.3"]
[White "Nass, Emile"]
[Black "Tiemann, Christoph"]
[Result "1/2-1/2"]
[WhiteElo "2247"]
[BlackElo "2281"]
[PlyCount "26"]
[EventDate "2010.07.??"]
[EventType "tourn"]
[EventCountry "FRA"]
[EventCategory "4"]
[WhiteTeamCountry "FRA"]
[BlackTeamCountry "FRA"]

1. d4 Nf6 2. Nf3 g6 3. c4 Bg7 4. g3 O-O 5. Bg2 d5 6. cxd5 Nxd5 7. O-O Nc6 8.
Nc3 Nb6 9. e3 Re8 10. Re1 a5 11. Qe2 e5 12. Nxe5 Nxe5 13. dxe5 Rxe5 1/2-1/2

[Event "Open International d'Ambès 2010"]
[Site "Ambes"]
[Date "2010.??.??"]
[Round "3.1"]
[White "Okhotnik, Vladimir"]
[Black "Dgebuadze, Alexandre"]
[Result "1/2-1/2"]
[WhiteElo "2458"]
[BlackElo "2539"]
[PlyCount "31"]
[EventDate "2010.04.??"]
[EventType "swiss"]
[EventRounds "9"]
[EventCountry "FRA"]
[WhiteTeamCountry "FRA"]
[BlackTeamCountry "FRA"]

1. e4 e5 2. Nf3 Nc6 3. Bb5 a6 4. Ba4 Nf6 5. O-O Be7 6. Re1 b5 7. Bb3 d6 8. c3
O-O 9. h3 Bb7 10. d3 Re8 11. Ng5 Rf8 12. Nf3 Re8 13. Ng5 Rf8 14. Nf3 Re8 15.
Ng5 Rf8 16. Nf3 1/2-1/2

[Event "Open International d'Ambès 2010"]
[Site "Ambes"]
[Date "2010.??.??"]
[Round "7.3"]
[White "Okhotnik, Vladimir"]
[Black "Kirk, Ezra"]
[Result "1-0"]
[WhiteElo "2458"]
[BlackElo "1970"]
[PlyCount "49"]
[EventDate "2010.04.??"]
[EventType "swiss"]
[EventRounds "9"]
[EventCountry "FRA"]
[WhiteTeamCountry "FRA"]
[BlackTeamCountry "FRA"]

1. d4 Nf6 2. Nf3 g6 3. Nc3 d5 4. Bf4 Bg7 5. e3 O-O 6. Be2 c5 7. Ne5 Qb6 8. a3
cxd4 9. exd4 Nc6 10. Nxc6 Qxc6 11. O-O a6 12. a4 b6 13. a5 b5 14. Na2 Bf5 15.
Nb4 Qb7 16. Rc1 Rac8 17. c3 Rfe8 18. Be5 Be4 19. Qd2 Nd7 20. Bxg7 Kxg7 21. g4
g5 22. Qxg5+ Kh8 23. f3 f6 24. Qh5 Bg6 25. Qxd5 1-0

[Event "LUCOPEN 01st Op"]
[Site "Lille"]
[Date "2010.??.??"]
[Round "2.9"]
[White "Okhotnik, Vladimir"]
[Black "Levaux, Christian"]
[Result "1-0"]
[WhiteElo "2458"]
[BlackElo "2125"]
[PlyCount "169"]
[EventDate "2010.04.??"]
[EventType "swiss"]
[EventRounds "7"]
[EventCountry "FRA"]
[WhiteTeamCountry "FRA"]
[BlackTeamCountry "FRA"]

1. d4 Nf6 2. Nf3 d6 3. Nc3 c6 4. e4 b5 5. e5 dxe5 6. Nxe5 a6 7. Bd3 g6 8. Qf3
Bb7 9. Ne4 Bg7 10. c3 O-O 11. Nc5 Qc8 12. h4 Nbd7 13. Nexd7 Nxd7 14. Nxb7 Qxb7
15. h5 Nf6 16. Bf4 Qd7 17. O-O-O Qg4 18. Qxg4 Nxg4 19. Bg3 Nf6 20. hxg6 hxg6
21. Rde1 Ra7 22. Kc2 Rd8 23. f4 e6 24. Be2 Rc8 25. Bf3 Rd7 26. Bh2 b4 27. Bg1
bxc3 28. bxc3 Rb7 29. Bf2 Rb5 30. Rb1 Ra5 31. Rb2 Nd5 32. Bxd5 cxd5 33. Kd3 Ra3
34. Be1 Bf6 35. Bd2 Bd8 36. Rhb1 Bc7 37. g4 Kg7 38. f5 exf5 39. gxf5 Rh8 40.
fxg6 Rh3+ 41. Ke2 Rh2+ 42. Kd3 Rh3+ 43. Kc2 Kxg6 44. Rg1+ Rg3 45. Rxg3+ Bxg3
46. Rb6+ Kf5 47. Kb2 Ra4 48. Kb3 Rc4 49. Rxa6 Rc7 50. a4 Ke4 51. Rf6 Rb7+ 52.
Kc2 Ra7 53. Kb3 Rb7+ 54. Kc2 Ra7 55. Kd1 Rxa4 56. Rxf7 Ra2 57. Ke2 Bd6 58. Rf6
Bh2 59. Rf8 Bc7 60. Re8+ Kf5 61. Kd3 Bg3 62. Bh6 Bh2 63. Be3 Rb2 64. Rh8 Ra2
65. c4 Ra3+ 66. Kd2 Ra2+ 67. Kc3 Ra3+ 68. Kb4 Bd6+ 69. c5 Bxc5+ 70. Kxc5 Rxe3
71. Rf8+ Kg6 72. Kxd5 Ra3 73. Ke6 Ra6+ 74. Ke5 Kg7 75. Rf1 Rb6 76. d5 Rb2 77.
Ke6 Rd2 78. d6 Re2+ 79. Kd7 Rd2 80. Rc1 Kf7 81. Rf1+ Kg6 82. Kc7 Rc2+ 83. Kd8
Rd2 84. d7 Rd3 85. Rc1 1-0

[Event "Condom op 10th"]
[Site "Condom"]
[Date "2010.??.??"]
[Round "3.6"]
[White "Ouerk, Yanis"]
[Black "Preux, Paul Olivier"]
[Result "1/2-1/2"]
[WhiteElo "2115"]
[BlackElo "2301"]
[PlyCount "45"]
[EventDate "2010.07.??"]
[EventType "swiss"]
[EventRounds "9"]
[EventCountry "FRA"]
[WhiteTeamCountry "FRA"]
[BlackTeamCountry "FRA"]

1. e4 e5 2. Nf3 Nc6 3. Bb5 a6 4. Ba4 Nf6 5. O-O Nxe4 6. d4 b5 7. Bb3 d5 8. dxe5
Be6 9. Nbd2 Bc5 10. Nxe4 dxe4 11. Ng5 Qxd1 12. Rxd1 e3 13. Bxe3 Bxe3 14. fxe3
Ke7 15. Bxe6 fxe6 16. Nf3 Rad8 17. Kf2 Nb4 18. a3 Nc6 19. Ke2 Rhf8 20. Rxd8
Rxd8 21. Rd1 Rf8 22. Rd3 g5 23. Rc3 1/2-1/2

[Event "Open International d'Ambès 2010"]
[Site "Ambes"]
[Date "2010.??.??"]
[Round "7.10"]
[White "Pellegrin, Guy"]
[Black "Lapeyre, Pierre"]
[Result "0-1"]
[WhiteElo "1840"]
[BlackElo "2103"]
[PlyCount "43"]
[EventDate "2010.04.??"]
[EventType "swiss"]
[EventRounds "9"]
[EventCountry "FRA"]
[WhiteTeamCountry "FRA"]
[BlackTeamCountry "FRA"]

1. d4 d6 2. c4 e5 3. dxe5 dxe5 4. Qxd8+ Kxd8 5. Nc3 Be6 6. e4 Nd7 7. Nf3 f6 8.
Be2 c6 9. a3 a5 10. Be3 Bc5 11. Bxc5 Nxc5 12. O-O a4 13. Rad1+ Kc7 14. Rfe1 Nh6
15. Bf1 Nf7 16. Nd2 Ra6 17. Na2 Raa8 18. Nb4 Rhd8 19. f3 Rd7 20. Nb1 Nd6 21.
Rc1 Bg8 22. Kf2 0-1

[Event "LUCOPEN 01st Op"]
[Site "Lille"]
[Date "2010.??.??"]
[Round "4.62"]
[White "Perche, Etienne"]
[Black "Sabe, Aurelien"]
[Result "0-1"]
[WhiteElo "1190"]
[BlackElo "1793"]
[PlyCount "50"]
[EventDate "2010.04.??"]
[EventType "swiss"]
[EventRounds "7"]
[EventCountry "FRA"]
[WhiteTeamCountry "FRA"]
[BlackTeamCountry "FRA"]

1. e4 c5 2. Nf3 e6 3. Bb5 a6 4. Bc4 b5 5. Bd3 Bb7 6. O-O c4 7. Be2 Bxe4 8. d3
cxd3 9. cxd3 Bb7 10. Bg5 Be7 11. Nc3 Bxg5 12. Nxg5 Qxg5 13. g3 Nf6 14. f4 Qh6
15. Bf3 Bxf3 16. Qxf3 Nc6 17. Rfe1 O-O 18. b3 Rac8 19. Rad1 Nd4 20. Qf2 Nf5 21.
Ne4 Ng4 22. Qf3 Qxh2+ 23. Kf1 Qh3+ 24. Ke2 Nd4+ 25. Kd2 Rc2# 0-1

[Event "Open International d'Ambès 2010"]
[Site "Ambes"]
[Date "2010.??.??"]
[Round "5.7"]
[White "Perez, Patrick"]
[Black "Lagunes, Jean Renaud"]
[Result "1/2-1/2"]
[WhiteElo "1801"]
[BlackElo "2107"]
[PlyCount "54"]
[EventDate "2010.04.??"]
[EventType "swiss"]
[EventRounds "9"]
[EventCountry "FRA"]
[WhiteTeamCountry "FRA"]
[BlackTeamCountry "FRA"]

1. c4 Nf6 2. Nf3 g6 3. g3 Bg7 4. Bg2 d6 5. d3 c6 6. O-O Qa5 7. Nc3 Qh5 8. h4 h6
9. Bd2 Ng4 10. Rb1 g5 11. Ne4 f6 12. Bc3 Nd7 13. Qc1 Nf8 14. Bh3 Ng6 15. Bxg4
Qxg4 16. Qe3 Kf8 17. Nh2 Qh3 18. Qf3 Bf5 19. h5 Bxe4 20. dxe4 Ne5 21. Bxe5 dxe5
22. Rbd1 Qe6 23. b3 Kf7 24. Rd3 Rhd8 25. Rfd1 Ke8 26. Nf1 Rd4 27. Rxd4 exd4
1/2-1/2

[Event "Open International d'Ambès 2010"]
[Site "Ambes"]
[Date "2010.??.??"]
[Round "2.3"]
[White "Piankov, Evgenij"]
[Black "Tholey, Jean Paul"]
[Result "1-0"]
[WhiteElo "2337"]
[BlackElo "1996"]
[PlyCount "113"]
[EventDate "2010.04.??"]
[EventType "swiss"]
[EventRounds "9"]
[EventCountry "FRA"]
[WhiteTeamCountry "FRA"]
[BlackTeamCountry "FRA"]

1. d4 Nf6 2. Nf3 g6 3. Bg5 Ne4 4. Bh4 d5 5. e3 Bg7 6. Nbd2 c5 7. c3 Qb6 8. Qb3
Nxd2 9. Nxd2 Qxb3 10. axb3 cxd4 11. exd4 O-O 12. Be2 Nc6 13. b4 e5 14. b5 Nd8
15. dxe5 Bxe5 16. O-O a5 17. Nf3 Bg7 18. Rfd1 Be6 19. Nd4 b6 20. f4 Nb7 21. Nc6
Nd6 22. Bf2 d4 23. Bxd4 Bxd4+ 24. Nxd4 Bc4 25. Bf3 Rae8 26. Bc6 Re7 27. b3 Be6
28. Re1 Kg7 29. Re5 Kf6 30. Rae1 Nc8 31. Kf2 Rd8 32. R1e3 Bf5 33. Ke2 Bb1 34.
Kd2 Rxe5 35. fxe5+ Kg7 36. g4 g5 37. Kc1 Bg6 38. Kb2 Ne7 39. Ka3 h5 40. gxh5
Bxh5 41. b4 axb4+ 42. Kxb4 Nd5+ 43. Bxd5 Rxd5 44. Nf5+ Kf8 45. c4 Rd2 46. h3
Bg6 47. Nd6 Rd3 48. Rxd3 Bxd3 49. c5 bxc5+ 50. Kxc5 Ke7 51. b6 Ba6 52. b7 Bxb7
53. Nxb7 f5 54. Kd5 g4 55. hxg4 fxg4 56. Nd6 Kd7 57. Ne4 1-0

[Event "2eme Open Tarn Nord"]
[Site "Blaye les Mines"]
[Date "2010.??.??"]
[Round "3.4"]
[White "Pierre, Timothee"]
[Black "Saunders, Mark A"]
[Result "0-1"]
[WhiteElo "1937"]
[BlackElo "1860"]
[PlyCount "59"]
[EventDate "2006.??.??"]
[EventType "swiss"]
[EventRounds "7"]
[EventCountry "FRA"]
[WhiteTeamCountry "FRA"]
[BlackTeamCountry "FRA"]

1. e4 d5 2. exd5 Qxd5 3. Nc3 Qa5 4. d3 c6 5. Nf3 Nf6 6. Be2 Bg4 7. O-O e6 8.
Bf4 Nbd7 9. Re1 Be7 10. a3 O-O 11. Nd4 Bxe2 12. Qxe2 Rfe8 13. Rad1 Qd8 14. Nf3
Nd5 15. Nxd5 cxd5 16. d4 Rc8 17. c3 Nb6 18. Ne5 Bd6 19. Qh5 Rc7 20. Re3 f6 21.
Nd3 Ree7 22. Rde1 Nc4 23. Rxe6 Bxf4 24. Nxf4 Nxb2 25. Rxe7 Rxe7 26. Rxe7 Qxe7
27. Qxd5+ Kf8 28. Ne6+ Kf7 29. Ng5+ Ke8 30. Qe6 0-1

[Event "2eme Open Tarn Nord"]
[Site "Blaye les Mines"]
[Date "2010.??.??"]
[Round "1.4"]
[White "Pierre, Timothee"]
[Black "Valente, Alexandre"]
[Result "1-0"]
[WhiteElo "1937"]
[BlackElo "1700"]
[PlyCount "91"]
[EventDate "2006.??.??"]
[EventType "swiss"]
[EventRounds "7"]
[EventCountry "FRA"]
[WhiteTeamCountry "FRA"]
[BlackTeamCountry "FRA"]

1. e4 c5 2. Nc3 d6 3. f4 Nf6 4. d3 Nc6 5. Nf3 e6 6. Be2 Be7 7. O-O O-O 8. Qe1
Qc7 9. h3 a6 10. g4 Nd4 11. Bd1 b5 12. g5 Nd7 13. Qg3 Bb7 14. h4 Qb6 15. Nxd4
cxd4 16. Ne2 Rac8 17. Kh2 d5 18. e5 g6 19. h5 Rfe8 20. Kg2 Nf8 21. Rh1 a5 22.
Bd2 b4 23. Ng1 a4 24. b3 axb3 25. axb3 Ra8 26. Rc1 Ra7 27. Nf3 Bc5 28. Nh2 Qc7
29. Ng4 Kh8 30. Nf6 Rea8 31. Bg4 Be7 32. Qh3 Bxf6 33. gxf6 Qb6 34. hxg6 fxg6
35. Qh6 Ba6 36. Rh2 Bb5 37. Bxb4 Rf7 38. Bxf8 Raxf8 39. Qxg6 Be8 40. Rch1 Qb7
41. Kf3 Rg8 42. Qh6 Qc7 43. Bxe6 Rfg7 44. Bxg8 Rxg8 45. Qxh7+ Qxh7 46. Rxh7#
1-0

[Event "FRA T U 20"]
[Site "Mulhouse"]
[Date "2010.??.??"]
[Round "2.6"]
[White "Pluvinage, Jerome"]
[Black "Roque, Gaetan"]
[Result "1-0"]
[WhiteElo "1580"]
[BlackElo "1750"]
[PlyCount "117"]
[EventDate "2010.??.??"]
[EventType "match"]
[EventCountry "FRA"]
[WhiteTeamCountry "FRA"]
[BlackTeamCountry "FRA"]

1. d4 d5 2. c4 c6 3. Nf3 Nf6 4. Nc3 g6 5. cxd5 cxd5 6. Bg5 Ne4 7. Bf4 Nc6 8. e3
Bg4 9. Be2 Qa5 10. Qb3 Nb4 11. a3 Bxf3 12. gxf3 Nxc3 13. Qxc3 Nc6 14. Qxa5 Nxa5
15. Bb5+ Nc6 16. Rc1 Rc8 17. Ke2 a6 18. Bxc6+ bxc6 19. Rc2 e6 20. Rhc1 Kd7 21.
Kd3 Bd6 22. Bxd6 Kxd6 23. e4 f6 24. b4 Rc7 25. Rc5 Rhc8 26. R1c3 e5 27. Ke3 f5
28. dxe5+ Kxe5 29. f4+ Kd6 30. e5+ Ke6 31. h4 Kf7 32. Kd4 h6 33. Rg3 Rg8 34.
Rc1 Ke6 35. Rcg1 Rcg7 36. Kc5 g5 37. hxg5 hxg5 38. Rxg5 Rxg5 39. fxg5 Kxe5 40.
g6 Kf6 41. Kxc6 d4 42. Kc5 d3 43. Rd1 Rd8 44. Kc4 d2 45. Kc3 Kxg6 46. Rxd2 Rxd2
47. Kxd2 f4 48. a4 Kg5 49. b5 axb5 50. axb5 Kg4 51. b6 Kf3 52. Ke1 Kg2 53. b7
f3 54. b8=Q Kh1 55. Qb1 Kg2 56. Qg6+ Kh1 57. Kd2 Kh2 58. Ke3 Kh1 59. Kxf3 1-0

[Event "LUCOPEN 01st Op"]
[Site "Lille"]
[Date "2010.??.??"]
[Round "2.14"]
[White "Pourrahnama, Amir"]
[Black "Borsos, Bogdan"]
[Result "0-1"]
[WhiteElo "1925"]
[BlackElo "2346"]
[PlyCount "85"]
[EventDate "2010.04.??"]
[EventType "swiss"]
[EventRounds "7"]
[EventCountry "FRA"]
[WhiteTeamCountry "FRA"]
[BlackTeamCountry "FRA"]

1. d4 d5 2. Nf3 c5 3. e3 Nc6 4. c3 Nf6 5. dxc5 a5 6. Bb5 g6 7. Nd4 Qc7 8. Qa4
Bd7 9. Nd2 Bg7 10. N2f3 e5 11. Nxc6 bxc6 12. Be2 Ne4 13. Qa3 Nxc5 14. c4 Qa7
15. O-O O-O 16. Bd2 Ne4 17. Rad1 Be6 18. Qa4 Qb6 19. Rb1 Bf5 20. Rbd1 Rfd8 21.
Bc1 d4 22. exd4 exd4 23. Bd3 Nc5 24. Qc2 Nxd3 25. Rxd3 a4 26. Qd2 Bxd3 27. Qxd3
c5 28. Ng5 Re8 29. Qh3 h6 30. Nf3 Qe6 31. Qg3 Qxc4 32. Qh4 h5 33. Ng5 Qd5 34.
g4 f6 35. Nh3 Qf3 36. gxh5 Re4 37. Bf4 g5 38. Qg3 Rxf4 39. Nxf4 Qxg3+ 40. fxg3
gxf4 41. Rxf4 Rb8 42. Rf2 c4 43. h4 0-1